The tyranny of history : The roots of China's crisis

Bewaard in:
Bibliografische gegevens
Hoofdauteur: Jenner, W. J. F.
Formaat: Boek
Taal:Undetermined
Gepubliceerd in: London Penguin Books 1992
Onderwerpen:
Tags: Voeg label toe
Geen labels, Wees de eerste die dit record labelt!
Thư viện lưu trữ: Trung tâm Học liệu Trường Đại học Cần Thơ
LEADER 00525nam a2200205Ia 4500
001 CTU_90360
008 210402s9999 xx 000 0 und d
082 |a 951 
082 |b J54 
100 |a Jenner, W. J. F. 
245 4 |a The tyranny of history : 
245 4 |b The roots of China's crisis 
245 0 |c W. J. F. Jenner 
260 |a London 
260 |b Penguin Books 
260 |c 1992 
650 |a History 
650 |z China 
904 |i Bằng,Hải 
980 |a Trung tâm Học liệu Trường Đại học Cần Thơ